Popular Sayings - Statistics

General Stats
  • This quiz has been taken 495 times
  • The average score is 12 of 19
Answer Stats
A Answer % Correct
Barking up the wrong _____ tree
90%
Curiosity ______ the cat killed
89%
Cut to the _____ chase
86%
An ___ and a leg arm
82%
Back to the ________ board drawing
82%
A _____ on your shoulder chip
73%
Between a ____ and a hard place rock
73%
Cry over ____ milk spilt
73%
Back to _______ one square
68%
Beating a dead ______ horse
65%
A peice of _____ cake
62%
Close but no _____ cigar
57%
A dime a _______ dozen
56%
Break the ___ ice
56%
___ of Joe cup
43%
A fool and his ______ are soon parted money
41%
___ the mustard cut
37%
Cry ____ wolf
32%
All ______ to me greek
15%
No matching quizzes found
Score Distribution
Percent of People with Each Score
Percentile by Number Answered
Your Score History
You have not taken this quiz